000
00222 a2200097 4500
001
30506
100
_a
Thompson
245
_a
An Introduction to Univ Lib Admn
260
_a
London
_b
Clive Bingley
_c
090
_c
20439
_d
20439
942
_a
NUST-CAE
_c
M
_c
11602
999
_c
265579
_d
265579